Հայոց պատմութիւն / (Record no. 136151)
[ view plain ]
| 000 -LEADER | |
|---|---|
| fixed length control field | 01070nam a2200241 a 4500 |
| 001 - CONTROL NUMBER | |
| control field | 000355234 |
| 003 - CONTROL NUMBER IDENTIFIER | |
| control field | AM-YeHGA |
| 005 - DATE AND TIME OF LATEST TRANSACTION | |
| control field | 20250618072222.0 |
| 008 - FIXED-LENGTH DATA ELEMENTS--GENERAL INFORMATION | |
| fixed length control field | 040728s1954 ||| 000 | arm d |
| 040 ## - CATALOGING SOURCE | |
| Original cataloging agency | AM-YeHGA |
| 041 1# - LANGUAGE CODE | |
| Language code of text/sound track or separate title | arm |
| 090 ## - LOCALLY ASSIGNED LC-TYPE CALL NUMBER (OCLC); LOCAL CALL NUMBER (RLIN) | |
| -- | 137522 |
| 100 0# - MAIN ENTRY--PERSONAL NAME | |
| Personal name | Փավստոս Բյուզանդ, |
| Dates associated with a name | V դ. (ծ. և մ. թթ. անհտ) |
| 9 (RLIN) | 2855 |
| 245 10 - TITLE STATEMENT | |
| Title | Հայոց պատմութիւն / |
| Statement of responsibility, etc. | Փաւստոս Բուզանդ; Թարգմ., ներած. եւ ծանօթութ.՝ Ս. Մալխասեանց. |
| 260 ## - PUBLICATION, DISTRIBUTION, ETC. | |
| Place of publication, distribution, etc. | Գահիրէ : |
| Name of publisher, distributor, etc. | տպ. Յուսաբեր, |
| Date of publication, distribution, etc. | 1954. |
| 300 ## - PHYSICAL DESCRIPTION | |
| Extent | 478 էջ ; |
| Dimensions | 20 սմ. |
| 504 ## - BIBLIOGRAPHY, ETC. NOTE | |
| Bibliography, etc. note | Մատենագիտ. տողատ. ծանոթ. և էջ՝ 407-466 |
| 504 ## - BIBLIOGRAPHY, ETC. NOTE | |
| Bibliography, etc. note | Ցանկ՝ էջ 467-478 |
| 650 14 - SUBJECT ADDED ENTRY--TOPICAL TERM | |
| Topical term or geographic name entry element | Հայոց պատմություն |
| 650 14 - SUBJECT ADDED ENTRY--TOPICAL TERM | |
| Topical term or geographic name entry element | Հայ պատմիչների ստեղծագործությունները որպես պատմական աղբյուրներ |
| 9 (RLIN) | 4992 |
| 700 1# - ADDED ENTRY--PERSONAL NAME | |
| Personal name | Մալխասյանց, Ստեփան Սարգսի, |
| Dates associated with a name | 1857-1947 |
| Relator term | թարգմ., առաջաբ., ծանոթ. |
| Relationship | trl |
| -- | aui |
| -- | ant |
| 9 (RLIN) | 8793 |
| 942 ## - ADDED ENTRY ELEMENTS (KOHA) | |
| Source of classification or shelving scheme | Universal Decimal Classification |
| Koha item type | Գրքեր / Books |
| Withdrawn status | Lost status | Damaged status | Not for loan | Collection | Home library | Current library | Date acquired | Total checkouts | Full call number | Barcode | Date last seen | Price effective from | Koha item type | Public note | Source of classification or shelving scheme |
|---|---|---|---|---|---|---|---|---|---|---|---|---|---|---|---|
| General | Fundamental Scientific Library | Fundamental Scientific Library | 22/12/2016 | AII/33517 | 220033517 | 22/12/2016 | 22/12/2016 | Գրքեր / Books | 30 Days Loan | ||||||
| General | Fundamental Scientific Library | Fundamental Scientific Library | 29/05/2019 | AII/104815 | FL0582110 | 29/05/2019 | 29/05/2019 | Գրքեր / Books | 30 Days Loan | Universal Decimal Classification |
ՀՀ Գիտությունների ազգային ակադեմիայի հիմնարար գիտական գրադարան = Fundamental Scientific Library of NAS RA
All site content, except where otherwise noted, is licensed under a